| 000 | 00390nam a22001337a 4500 | ||
|---|---|---|---|
| 082 |
_a343.5491099 _bMUS |
||
| 100 | _aMushtaq, Mian Imran | ||
| 245 |
_aThe Pakistan Telecommunication, Media & Cyber Crime Laws / _cMian Imran Mushtaq |
||
| 260 |
_aLahore : _bIrfan Law Book House, _c2023. |
||
| 300 | _a495 p. | ||
| 563 | _aHB. | ||
| 650 |
_aLaw, cyber law, _9128430 |
||
| 942 |
_2ddc _cBK |
||
| 999 |
_c613395 _d613395 |
||